|
|
|
|
| LEADER |
01338nam a2200325 a 4500 |
| 001 |
11690 |
| 003 |
BD-DhAAL |
| 005 |
20130819103055.0 |
| 008 |
130819s1999a ii b 001 0 eng d |
| 010 |
|
|
|a 99938249
|
| 020 |
|
|
|a 8171414818 (jkt. : set)
|
| 020 |
|
|
|z 8171418 (t.p. verso : set)
|
| 040 |
|
|
|a DLC
|c DLC
|d DLC
|d BD-DhAAL
|
| 050 |
0 |
0 |
|a HD5713.6.I4
|b M44 1999
|
| 082 |
0 |
0 |
|a 331.12/042
|2 21
|
| 100 |
1 |
|
|a Mehta, Basant.
|9 2657
|
| 245 |
1 |
0 |
|a Human resource development :
|c Basant Mehta, Kiran Kothari.
|b vol. II : prime minister's rozgar yojna /
|
| 260 |
|
|
|a New Delhi :
|b Discovery Pub. House,
|c 1999.
|
| 300 |
|
|
|a v, 159 p, :
|b ill. ;
|c 23 cm.
|
| 504 |
|
|
|a Includes bibliographical references (v. 1, p. [170]-186); v. 2, p. [138]-154) and indexes.
|
| 505 |
0 |
|
|a v. 1. Training of rural youth for self-employment -- v. 2. Prime Minister's Rozgar Yojna.
|
| 520 |
|
|
|a Study relates to Kota and Udaipur districts of Rajasthan.
|
| 541 |
|
|
|e 11690
|
| 650 |
|
0 |
|a Manpower policy, Rural
|z India.
|9 2658
|
| 650 |
|
0 |
|a Rural youth
|x Employment
|z India.
|9 2659
|
| 650 |
|
0 |
|a Rural development
|z India.
|9 2660
|
| 700 |
1 |
|
|a Kothari, Kiran.
|9 2661
|
| 942 |
|
|
|2 ddc
|c BK
|
| 999 |
|
|
|c 13849
|d 13849
|
| 952 |
|
|
|0 0
|1 0
|2 ddc
|4 0
|6 331_120420000000000_MEH
|7 0
|9 23175
|a BRACUL
|b BRACUL
|c GEN
|d 2013-08-19
|l 0
|o 331.12042 MEH
|p 3010011690
|r 2013-08-19
|t 1
|w 2013-08-19
|y BK
|